| 000 | 00504nam a22001577a 4500 | ||
|---|---|---|---|
| 003 | macl | ||
| 005 | 20170602132225.0 | ||
| 008 | 170602b xxu||||| |||| 00| 0 eng d | ||
| 040 | _cmacl | ||
| 082 | _a800 | ||
| 100 |
_aसंपा कृष्ण कुमार _967298 |
||
| 245 | _aउपन्यास की जमीन | ||
| 260 |
_aदिल्ली _bविजय बुक्स _c2013 |
||
| 650 |
_aउपन्यास साहित्य _9100 |
||
| 942 |
_2ddc _cHIN |
||
| 999 |
_c56427 _d56427 |
||